Statistics for 2019 Year in Review

Click here to take the quiz!

General Stats

  • This quiz has been taken 15,775 times
  • The average score is 12 of 17

Answer Stats

Hint Answer % Correct
The U.S. House of Representatives votes to do this to Donald TrumpImpeach Him
93%
Up to 1 million people protest against the Chinese government on the streets of this cityHong Kong
92%
This famous cathedral is seriously damaged in a fireNotre Dame de Paris
89%
HBO airs the eighth and final season of this TV show, but fans are disappointedGame of Thrones
86%
Hundreds of thousands of internet memers threaten to overrun this military base to
"see them aliens", but only a few actually show up
Area 51
81%
Abu Bakr al-Baghdadi, leader of this terror group, blows himself up to avoid
being captured by U.S. troops
ISIS
81%
The UK Conservative party wins a majority in Parliament after
promising to "get ______ done"
Brexit
79%
Amusing many, Donald Trump proposes that the U.S. purchase this large islandGreenland
78%
Astronomers take the first ever picture of this type of objectBlack Hole
77%
For the third time, South Africa wins the World Cup of this sportRugby Union
72%
This company announces its new design, which media dub the "cybertruck"Tesla
71%
This movie sets the all-time record for highest box office receiptsAvengers: Endgame
69%
Outbreaks of this easily preventable disease occur in Samoa, Oregon, and
many Jewish communities in New York
Measles
63%
This science-fiction horror TV show is the most-watched Netflix program of 2019Stranger Things
61%
This commercial airline tests a nearly 20 hour direct flight between
New York and Sydney
Qantas
58%
This model of plane is grounded after a deadly Ethiopian Airlines crash737 {Max}
40%
Kazakhstan renames its capital from Astana to thisNur-Sultan
34%

Score Distribution

Percentile by Number Answered

Percent of People with Each Score

Your Score History

You have not taken this quiz